00569 2200217 4500001002100000005001700021008004100038035002400079082001100103090002100114100001700135245005100152260002300203300001800226500002900244650002700273850001500300985000600315999001500321999001500336YOGYA-0209000002818320090227024216.0 ind  0010-020900000028183 a616.99 a616.99bRab DlT aRAB, Tabrani aDiagnosa dini kanker parucdisusun Tabrani Rab aJakartabEGCc1982 a45 hlmc18 cm aBibliografi : hlm. 37-45 aKanker paru - Diagnosa aYOPDYOG(B) a2 aP000023997 aP000023996